00458nam a22001457a 4500020001500000082001400015100002800029245003700057260003700094300000800131650001100139942000700150952013800157999001700295 a8178242591 a291.4 NOV aNovetzke, Christian Lee aHistory Bhakti and Public Memory aNew DelhibPermanant Blackc2009 a309 aBhakti cBK 00104070aHMIbHMId2017-02-02eOrient Blackswan hyderabadg795.00l10m2o291.4 NOVp25137r2022-09-06s2022-08-31w2017-02-02yBK c20224d20224